Important Bird Area in Africa and Associated Islands: priority sites for conservation (Record no. 6388)

MARC details
000 -LEADER
fixed length control field 00663nam a22002177a 4500
003 - CONTROL NUMBER IDENTIFIER
control field OSt
005 - DATE AND TIME OF LATEST TRANSACTION
control field 20191202114221.0
008 - FIXED-LENGTH DATA ELEMENTS--GENERAL INFORMATION
fixed length control field 191202b ||||| |||| 00| 0 eng d
020 ## - INTERNATIONAL STANDARD BOOK NUMBER
International Standard Book Number 9781874357209
020 ## - INTERNATIONAL STANDARD BOOK NUMBER
International Standard Book Number 187435720X
040 ## - CATALOGING SOURCE
Transcribing agency DDC
082 ## - DEWEY DECIMAL CLASSIFICATION NUMBER
Classification number 598 IMP 2001
100 ## - MAIN ENTRY--PERSONAL NAME
Personal name Edited by Lincoln D.C. Fishpool; Michael I. Evans
9 (RLIN) 13102
245 ## - TITLE STATEMENT
Title Important Bird Area in Africa and Associated Islands: priority sites for conservation
260 ## - PUBLICATION, DISTRIBUTION, ETC. (IMPRINT)
Place of publication, distribution, etc. UK;
Name of publisher, distributor, etc. Birdlife International,
Date of publication, distribution, etc. 2001
300 ## - PHYSICAL DESCRIPTION
Extent xvi,1144p;
Other physical details Col.ill:
Dimensions 31cm
504 ## - BIBLIOGRAPHY, ETC. NOTE
Bibliography, etc Appendices, & index included
650 ## - SUBJECT ADDED ENTRY--TOPICAL TERM
Topical term or geographic name as entry element Birds
9 (RLIN) 5482
650 ## - SUBJECT ADDED ENTRY--TOPICAL TERM
Topical term or geographic name as entry element Ornithology
9 (RLIN) 5483
942 ## - ADDED ENTRY ELEMENTS (KOHA)
Source of classification or shelving scheme Other/Generic Classification Scheme
Koha item type Open Shelf
Holdings
Withdrawn status Lost status Source of classification or shelving scheme Damaged status Not for loan Home library Current library Date acquired Source of acquisition Serial Enumeration / chronology Total Checkouts Full call number Barcode Date last seen Koha item type
    Dewey Decimal Classification     MUST Main Library MUST Main Library 02/12/2019 Donation 11/35496   598 IMP 2001 2019-0662 02/12/2019 Open Shelf